000 00696nam a2200289Ia 4500
005 20260324113925.0
008 008 260324s9999 xx 000 0 eng d
020 _a9781003271864
037 _aEBOOK
040 _aCRL
040 _beng
040 _cCRL
041 _2eng
041 _aeng
084 _qCRL
100 _aDuncan C. Wyllie
_91148718
245 0 _aRisk Management for Geotechnical Engineering
245 0 _bHazard, Risks and Consequences
260 _bTaylor and Francis
260 _c2023
365 _a
365 _b260
856 _uhttp://www.taylorfrancis.com/books/9781003271864
942 _cEBOOK
999 _c1738623
_d1738623